000
00312nam a22001337a 4500
008
170926b xxu||||| |||| 00| 0 eng d
020
_a
9780312566746
041
_a
eng
080
_2
8 ED
_a
37
100
_a
46
101
_a
EDU
245
_a
DEVELOPMENT THE BEDFORD HANDBOOK
_c
GOOR.W.V
942
_2
udc
_c
BK
999
_c
30091
_d
30091